000 00677nam a2200229Ia 4500
005 20240419144243.0
008 131103s9999 xx 000 0 und d
020 _cRs.16
040 _aLoreto College
041 _aEnglish
082 _a370.15
_bBLU
100 _aBlum,Milton L.
245 _aCounseling and Psychology
_b
_cMilton L.Blum and Benjamin Balinsky
250 _avocational psychology and its relation to education and personal counseling
260 _aBombay
_bAsia
_c1961
300 _axix,586 p.
504 _aIncludes bibliography and index
650 _aBalinsky, Benjamin
651 _aPsychology - counseling
850 _aLCBED
942 _cBK
999 _c26620
_d77099